000 00296nam a22001337a 4500
008 171018b xxu||||| |||| 00| 0 eng d
020 _a9781259254345
041 _aeng
080 _a338
100 _a52
101 _amng
245 _aNEW PRODUCTS MANAGEMENT
_cCRAWFORD, C.M
942 _2udc
_cBK
999 _c34525
_d34525